Statistics for Pokemon With Regional Variants

Click here to take the quiz!

General Stats

  • This quiz has been taken 7 times
  • The average score is 51 of 55

Answer Stats

GenRegionAnswer% Correct
IHisuiArcanine
100%
VIIHisuiDecidueye
100%
IAlolaDiglett
100%
IAlolaDugtrio
100%
IHisuiElectrode
100%
IAlolaExeggutor
100%
IGalarFarfetch'd
100%
IAlolaGeodude
100%
IAlolaGolem
100%
IAlolaGraveler
100%
IAlolaGrimer
100%
IHisuiGrowlithe
100%
IIIGalarLinoone
100%
IAlolaMarowak
100%
IAlolaMeowth
100%
IGalarMeowth
100%
IAlolaMuk
100%
IAlolaNinetales
100%
IAlolaPersian
100%
IGalarPonyta
100%
IAlolaRaichu
100%
IGalarRapidash
100%
IAlolaRaticate
100%
IAlolaRattata
100%
IAlolaSandshrew
100%
IAlolaSandslash
100%
IGalarSlowbro
100%
IIGalarSlowking
100%
IGalarSlowpoke
100%
IIHisuiSneasel
100%
VGalarStunfisk
100%
IHisuiVoltorb
100%
IAlolaVulpix
100%
IGalarWeezing
100%
IIPaldeaWooper
100%
IIIGalarZigzagoon
100%
IGalarArticuno
83%
VHisuiBraviary
83%
VGalarDarmanitan
83%
VGalarDarumaka
83%
VIHisuiGoodra
83%
VHisuiLilligant
83%
IGalarMoltres
83%
IGalarMr. Mime
83%
VHisuiSamurott
83%
VIHisuiSliggoo
83%
IPaldeaTauros
83%
IIHisuiTyphlosion
83%
VGalarYamask
83%
IGalarZapdos
83%
VHisuiZoroark
83%
VHisuiZorua
83%
VIHisuiAvalugg
67%
IIGalarCorsola
67%
IIHisuiQuilfish
33%

Score Distribution

Percentile by Number Answered

Percent of People with Each Score

Your Score History

You have not taken this quiz